The books of contemplation (Record no. 208393)
[ view plain ]
| 000 -LEADER | |
|---|---|
| fixed length control field | 01492nam a2200385Ia 4500 |
| 082 04 - DEWEY DECIMAL CLASSIFICATION NUMBER | |
| Classification number | 296.1/6 |
| 100 1# - MAIN ENTRY--AUTHOR NAME | |
| Personal name | Verman, Mark, |
| 245 14 - TITLE STATEMENT | |
| Title | The books of contemplation |
| 260 ## - PUBLICATION, DISTRIBUTION, ETC. (IMPRINT) | |
| Place of publication | Albany : |
| Name of publisher | State University of New York Press, |
| Year of publication | c1992. |
| 300 ## - PHYSICAL DESCRIPTION | |
| Number of Pages | viii, 270 p. |
| 490 0# - SERIES STATEMENT | |
| Series statement | SUNY series in Judaica |
| 500 ## - GENERAL NOTE | |
| General note | Includes passages in Hebrew. |
| 650 #0 - SUBJECT ADDED ENTRY--TOPICAL TERM | |
| Topical Term | Cabala |
| Topical Term | Mysticism |
| Topical Term | Judaism |
| 856 40 - ELECTRONIC LOCATION AND ACCESS | |
| Uniform Resource Identifier | http://site.ebrary.com/lib/rucke/Doc?id=10588687 |
No items available.
